| 000 | 00594nam a22001937a 4500 | ||
|---|---|---|---|
| 005 | 20140917114738.0 | ||
| 010 | _aENG-110874 | ||
| 020 |
_a9789351431848 _c180.00 |
||
| 035 | _aEN-94406 | ||
| 037 | _bDBAD/PUB | ||
| 082 | _a344.54046 | ||
| 100 | _aRosedar S. R. A. | ||
| 245 |
_aEnvironmental law / _cby Rosedar S. R. A. |
||
| 260 |
_aGurgaon _bLexis Nexis _c2014 |
||
| 270 |
_a14th Floor, Building No.10, Tower-B, DLF Cyber City, Phase-II _bGurgaon _e122002 |
||
| 300 |
_ax,150p. _c22cm(pbk) |
||
| 490 | _aQuick reference guide series | ||
| 942 |
_2ddc _cEN _mROS _h344.54046 |
||
| 999 |
_c88706 _d88706 |
||